000 00567nam a2200217 i 4500
001 103556
003 ES-MaACL
005 20250315062552.0
007 t|
008 060303s2006 sp ||||1| spa d
020 _a84-321-3578-X
080 _a821.134.2-14"20"
100 1 _aLanseros, Raquel.
_970096
245 1 0 _aDiario de un destello /
_cRaquel Lanseros.
260 _aMadrid :
_bRialp,
_c[2006]
300 _a57 p. ;
_c17 cm.
490 1 _aAdonĂ¡is ;
_v589
830 1 0 _aAdonĂ¡is
_v589
_9173743
852 4 _aES-MaACL
_jJ-23-589
999 _c103556
_d103556